000 01177nam a2200289Ia 4500
003 OSt
005 20221005105857.0
006 a|||||r|||| 00| 0
007 ta
008 221004b |||||||| |||| 00| 0 doi d
020 _a9788126024353 (hbk)
_c300
024 _a93293
037 _b493, 19/03/2009, Vani Prakashan
_cTextual
040 _aCRL
_cCRL
_bdoi
041 _2doi
_adoi
082 _aO1541,2NSI,AD, 152P9
100 _aमोहन सिंह
245 0 _aअपनी डफली अपना राग
246 _aApanī ḍafalī apanā rāga
260 _aनई दिल्ली
_bसाहित्य अकादेमी भारत
_c2009
300 _a117पृ0
_ccm.
490 _aसाहित्य अकादेमी द्वारा पुरस्कृत डोगरी नाटक
650 _aडोगरी साहित्य
700 _a प्रकाश प्रेमी, अनु.
942 _hO1541,2NSI,AD, 152P9
_cTEXL
_2cc
999 _c1017170
_d1017170